Textbook of wildlife management for students of undergraduate and postgraduate course in wildlife forestry, veterinary science and candidates preparing for various competitive examinations
Salvato in:
| Autore principale: | |
|---|---|
| Natura: | Libro |
| Lingua: | inglese |
| Pubblicazione: |
CBS Publishers
2020
|
| Tags: |
Aggiungi Tag
Nessun Tag, puoi essere il primo ad aggiungerne!!
|
MARC
| LEADER | 00000nam a22000007a 4500 | ||
|---|---|---|---|
| 008 | 211230b ||||| |||| 00| 0 eng d | ||
| 020 | |a 9789388527774 | ||
| 100 | |a SINGH, SK | ||
| 245 | |a Textbook of wildlife management |b for students of undergraduate and postgraduate course in wildlife forestry, veterinary science and candidates preparing for various competitive examinations |c SK Singh |g xiv, 418p;ill | ||
| 250 | |b 3rd | ||
| 260 | |b CBS Publishers |c 2020 |h New Delhi |i 696914 |i 696915 |l SK355.Si6 |m Wildlife management |m wildlife conservation | ||
| 500 | |a it includes index | ||
| 942 | |a lcc |c BK |e Johnson |f 30/12/21 | ||
| 952 | |0 0 |1 0 |2 lcc |4 0 |7 0 |9 4036 |a AG |b HOL |c QZ |d 2021-12-30 |o SK355.Si6 |p 2021-67760 |r 2021-12-30 00:00:00 |t 69614 |w 2021-12-30 |y BK | ||
| 952 | |0 0 |1 0 |2 lcc |4 0 |7 0 |9 4037 |a HOL |b HOL |c QZ |d 2021-12-30 |o SK355.Si6 |p 2021-67761 |r 2021-12-30 00:00:00 |t 696915 |u PR2899.Sh1 |w 2021-12-30 |y BK | ||
| 999 | |c 2028 |d 2028 | ||